| 000 | 00680nam a2200217 u 4500 | ||
|---|---|---|---|
| 005 | 20240419063750.0 | ||
| 008 | 150305s2003 r 000 0 eng d | ||
| 020 | _a8478647759 | ||
| 035 | _aUPN01000202310 | ||
| 049 | _aI | ||
| 050 | 4 |
_aPZ74 _bO7.23 |
|
| 100 | 1 |
_aOrihuela, Luz _933078 |
|
| 245 | 0 | 3 |
_aLa bella durmiente / _cadaptación Luz Orihuela ; il. de Jordi Vila Delclòs. |
| 260 |
_aBarcelona, Esp. : _bCombel, _c2003. |
||
| 300 |
_a22 p. : _bil. col. |
||
| 440 | 0 |
_aCaballo alado clásico. _pAl trote ; _v1 |
|
| 650 | 0 |
_aCuentos de hadas _95259 |
|
| 650 | 0 |
_aCuentos infantiles franceses _98588 |
|
| 700 | 1 |
_aPerrault, Charles, _d1628-1703 _929829 |
|
| 905 | _aInfantil | ||
| 999 |
_c174411 _d174411 |
||